000 01063nam0a22002651 4500
001 rc\4117251
005 20260407162818.0
021 _aRU
_b[55-60986]
035 _a(NLR Aleph) 008149728
090 _a7776493
_c7776493
100 _a20130415d1955 |||y0rusy50 ca
101 0 _arus
102 _aRU
105 _ay z |||||
200 1 _aО научных основах кодификации земельного законодательства СССР
_e(Тезисы докладов)
_fИн-т права Акад. наук СССР. Юрид. фак. МГУ. Всесоюз. ин-т юрид. наук
210 _aМосква
_cБ. и.
_d1955
215 _a24 с.
_d21
333 _aНа правах рукописи
606 _aЗемельное законодательство СССР
_jТезисы докладов
_2psbo
712 0 2 _aМосковский институт права
_3RU\NLR\AUTH\8810101374
_9703682
801 0 _aRU
_bNLR
_gpsbo
801 1 _aRU
_bELAR
_2rusmarc
852 _aNLR
_jП60 Г-4/423
942 _cBOOK
980 _aNB